00425nam a2200157Ia 4500001000500000005001700005008004100022041000800063082001600071100003300087245009400120260000900214300002800223650000800251654000800259856220260306160618.0260306t1992||||xx |||||||||||||| ||spa|| aESP a371.12bF47 aSánchez Fierro, JulioeAUT 0aLa formación profesional :buna prioridad en la reforma del sistema educativo español c1992 a156 páginas :c21 cm. aGEN aCED